000 00460nam a2200181Ia 4500
001 13788
005 20260306164826.0
008 260306t2003||||xx |||||||||||||| ||spa||
041 _aESP
082 _a005.133VB
_bC42
100 _aCeballos Sierra, Francisco Javier
_eAUT
245 0 _aEl lenguaje de programación Visual Basic.net
260 _c2003
300 _a442 pƔginas :
_c23 cm.
650 _aGEN
654 _aCCC
942 _cLIB
_dJUS
_fJUS
_2ddc
_n
999 _c13788
_d13788